Analysis of concepts to social cost-benefit analysis of investment in education (Record no. 501342)

000 -LEADER
fixed length control field 00479cam a22001457a 4500
008 - FIXED-LENGTH DATA ELEMENTS--GENERAL INFORMATION
fixed length control field 180718b1984 xxu||||| |||| 00| 0 eng d
082 ## - DEWEY DECIMAL CLASSIFICATION NUMBER
Classification number APPPA 83-84 BAL
100 ## - MAIN ENTRY--PERSONAL NAME
Personal name Balaraman, S.
245 ## - TITLE STATEMENT
Title Analysis of concepts to social cost-benefit analysis of investment in education
Statement of responsibility, etc. by S. Balaraman
260 ## - PUBLICATION, DISTRIBUTION, ETC.
Place of publication, distribution, etc. New Delhi
Name of publisher, distributor, etc. Indian Institute of Public Administration
Date of publication, distribution, etc. 1984
300 ## - PHYSICAL DESCRIPTION
Extent 128p.
650 ## - SUBJECT ADDED ENTRY--TOPICAL TERM
Topical term or geographic name entry element Education
650 ## - SUBJECT ADDED ENTRY--TOPICAL TERM
Topical term or geographic name entry element Investment
650 ## - SUBJECT ADDED ENTRY--TOPICAL TERM
Topical term or geographic name entry element Social cost-benefit analysis
Holdings
Withdrawn status Lost status Damaged status Not for loan Permanent Location Current Location Date acquired Full call number Barcode Date last seen Price effective from Koha item type
        Indian Institute of Public Administration Indian Institute of Public Administration 2018-08-04 APPPA 83-84 BAL GR11375 2018-08-04 2018-08-04 GR

Powered by Koha